| 000 | 00456nam a22001697a 4500 | ||
|---|---|---|---|
| 005 | 20250602151958.0 | ||
| 008 | 250526b |||||||| |||| 00| 0 eng d | ||
| 041 | _aMarathi | ||
| 082 |
_a891.46 _bRAJ |
||
| 100 |
_aRajhans Ratnaprabha Ramesh _9212237 |
||
| 245 | _aDhyeyapurti : Udyojikanchya Yashogatha | ||
| 260 |
_aPune _bRatnaprabha Rajhans _bSubhas Bhave _c2024 |
||
| 300 | _a96 | ||
| 365 |
_b150.00 _cRs.00 |
||
| 650 | _aNon Fiction | ||
| 942 | _cDB | ||
| 999 |
_c366766 _d366766 |
||